[Event "FIDE Open"]
[Site "Voronezh"]
[Date "2018.06.16"]
[Round "5.23"]
[White "Ilyina, Lada"]
[Black "Zakharov, Denis"]
[Result "1-0"]
[WhiteElo "2031"]
[BlackElo "1928"]
[Annotator ""]
[Source ""]
[Remark ""]

1.d4 g6 2.c4 Bg7 3.e4 d6 4.Nc3 Nf6 5.f3 a6 6.Be3 O-O 7.Qd2 Nbd7
8.O-O-O c6 9.g4 b5 10.h4 h5 11.e5 Nh7 12.gxh5 dxe5 13.dxe5 Bxe5
14.hxg6 fxg6 15.h5 gxh5 16.Bh3 Nhf6 17.Be6+ Kh8 18.Bh6 Qc7 19.Qg5
Nh7 20.Qxh5 Bf4+ 21.Kb1 Bxh6 22.Qxh6 1-0

[Event "FIDE Open"]
[Site "Voronezh"]
[Date "2018.06.16"]
[Round "5.24"]
[White "Shestakova, Ekaterina"]
[Black "Koshevarov, Alexander"]
[Result "0-1"]
[WhiteElo "1886"]
[BlackElo "2030"]
[Annotator ""]
[Source ""]
[Remark ""]

1.e4 c5 2.c3 Nf6 3.e5 Nd5 4.d4 cxd4 5.cxd4 d6 6.Nf3 e6 7.Bc4
Nc6 8.O-O Be7 9.Nbd2 Qc7 10.Re1 O-O 11.a3 Rd8 12.Qe2 dxe5 13.dxe5
Nf4 14.Qe4 Ng6 15.b4 b6 16.b5 Ncxe5 17.Qxa8 Bb7 18.Qxa7 Ra8 19.Qxa8+
Bxa8 20.Nxe5 Nxe5 21.Be2 Qc2 22.Rb1 Qg6 23.g3 Nf3+ 24.Bxf3 Bxf3
25.Bb2 Bd5 26.Bd4 h5 27.Bxb6 h4 28.Bc7 hxg3 29.hxg3 Qh7 30.f3
Qh3 31.Kf2 Bc5+ 32.Ke2 Qg2+ 33.Kd3 Bxf3 34.Nxf3 Qxf3+ 35.Kc2
Qf2+ 36.Kb3 Qf3+ 37.Kc2 Qg2+ 38.Kb3 Qd5+ 39.Kc2 Qa2+ 40.Kd3 Qxa3+
41.Kc4 Bf2 42.Rec1 Be3 43.b6 Bxc1 44.b7 Qa2+ 45.Rb3 Qc2+ 46.Kb4
Qxc7 0-1

[Event "FIDE Open"]
[Site "Voronezh"]
[Date "2018.06.16"]
[Round "5.25"]
[White "Koptev, Ruslan"]
[Black "Katkov, Vitaly"]
[Result "0-1"]
[WhiteElo "1859"]
[BlackElo "2018"]
[Annotator ""]
[Source ""]
[Remark ""]

1.d4 d5 2.c4 e6 3.Nc3 Nf6 4.cxd5 exd5 5.Bg5 c6 6.e3 Bf5 7.Qb3
b6 8.Qa4 Be7 9.Nf3 b5 10.Qd1 Nbd7 11.Bd3 Ne4 12.Bxe7 Qxe7 13.Qc2
O-O 14.O-O Rac8 15.Nd2 Ndf6 16.Nb3 Rfe8 17.Rae1 Bg6 18.f3 Nd6
19.Bxg6 hxg6 20.e4 dxe4 21.fxe4 Nfxe4 22.Nxe4 Nxe4 23.Nc5 f5
24.Qb3+ Kh7 25.Nxe4 fxe4 26.Re3 Qe6 27.Rh3+ Kg8 28.Qg3 Rf8 29.Re1
Rce8 30.Qh4 Rf5 31.Rhe3 Qxa2 32.Rxe4 Ref8 33.Re8 Qxb2 34.Rxf8+
Rxf8 35.Rf1 Rxf1+ 36.Kxf1 Qb1+ 37.Kf2 Qf5+ 38.Kg1 Qd5 39.Qf4
a5 40.Qb8+ Kh7 41.Qa7 b4 42.Qb6 b3 43.Kf2 a4 44.Qb4 Qb5 45.Qc3
b2 46.Qh3+ Qh5 47.Qd3 Qf5+ 0-1

[Event "FIDE Open"]
[Site "Voronezh"]
[Date "2018.06.16"]
[Round "5.26"]
[White "Nesterov, Andrey"]
[Black "Slastikhin, Vladislav"]
[Result "1-0"]
[WhiteElo "2010"]
[BlackElo "1846"]
[Annotator ""]
[Source ""]
[Remark ""]

1.e4 e5 2.Nf3 Nc6 3.Bb5 a6 4.Ba4 Nf6 5.O-O b5 6.Bb3 Be7 7.Re1
d6 8.h3 O-O 9.c3 Na5 10.Bc2 c5 11.d4 cxd4 12.cxd4 Nc6 13.Be3
Qc7 14.Nc3 Bd7 15.Rc1 Qb7 16.a3 Rfd8 17.Nd5 Be8 18.Qd2 Rab8 19.b4
Rbc8 20.Qd3 Nd7 21.Bb3 Nf8 22.Rc2 Ng6 23.Rec1 Bf8 24.Bg5 Be7
25.Be3 Bf8 26.g3 h6 27.Kg2 Bd7 28.Qe2 Nce7 29.dxe5 Nxe5 30.Rc7
Rxc7 31.Rxc7 Qa8 32.Nxe5 dxe5 33.Qf3 Nxd5 34.Bxd5 Qb8 35.Qxf7+ 1-0

[Event "FIDE Open"]
[Site "Voronezh"]
[Date "2018.06.16"]
[Round "5.27"]
[White "Tikhonov, Viacheslav"]
[Black "Kushnarenko, Egor"]
[Result "1-0"]
[WhiteElo "1993"]
[BlackElo "1631"]
[Annotator ""]
[Source ""]
[Remark ""]

1.d4 Nf6 2.c4 d6 3.Nf3 g6 4.Nc3 Bg7 5.e4 O-O 6.Be2 e5 7.O-O Nc6
8.d5 Ne7 9.Ne1 Nd7 10.f3 f5 11.g4 f4 12.Nd3 Bf6 13.Kh1 Bh4 14.Rg1
g5 15.Bd2 Kf7 16.Kg2 Rh8 17.Be1 Bxe1 18.Qxe1 h5 19.h3 Ng6 20.Rh1
Nh4+ 21.Kf2 hxg4 22.hxg4 c5 23.Qg1 Nf6 24.Ke1 Bd7 25.Kd2 Qa5
26.a3 Qc7 27.Qf2 Ke7 28.b4 b6 29.Nb5 Bxb5 30.cxb5 Rab8 31.Nb2
Ng6 32.bxc5 bxc5 33.Rxh8 Rxh8 34.Nc4 Rh4 35.a4 Rxg4 36.a5 Rg3
37.b6 axb6 38.axb6 Qb8 39.Ra7+ Nd7 40.Qe1 Ke8 41.Rb7 Qa8 42.Nxd6+
Kd8 43.Ra7 Qb8 44.Nb7+ Kc8 45.Qb1 1-0

[Event "FIDE Open"]
[Site "Voronezh"]
[Date "2018.06.16"]
[Round "5.28"]
[White "Aloyan, Mikhail"]
[Black "Grekhov, Luka"]
[Result "1/2-1/2"]
[WhiteElo "1759"]
[BlackElo "1955"]
[Annotator ""]
[Source ""]
[Remark ""]

1.e4 c5 2.b4 cxb4 3.Nf3 Nf6 4.e5 Nd5 5.a3 e6 6.axb4 Bxb4 7.c3
Be7 8.Bc4 Nb6 9.Bb3 O-O 10.O-O Nc6 11.d4 d6 12.exd6 Bxd6 13.Na3
a6 14.c4 Bc7 15.Bb2 Ne7 16.Qc2 Nd7 17.Nb5 Rb8 18.Nxc7 Qxc7 19.Ng5
Ng6 20.Ne4 Rd8 21.Qc3 Qf4 22.Rfe1 Nf6 23.Bc2 b5 24.g3 Nxe4 25.Bxe4
Qf6 26.c5 b4 27.Qb3 Qe7 28.Ra4 Bd7 29.Rxa6 Bb5 30.Ra5 Qc7 31.Rea1
Bc6 32.Ra7 Qc8 33.Qf3 Be8 34.c6 f5 35.Bxf5 Bxc6 36.Bxe6+ Qxe6
37.d5 Ne5 38.Bxe5 Qxe5 39.dxc6 Rf8 40.Qg4 b3 41.c7 b2 42.Rb1
Rbc8 43.Qc4+ Rf7 44.Rd1 Qf6 45.Qc2 Qb6 46.Ra2 Rxf2 47.Qxf2 b1Q
48.Rxb1 Qxb1+ 49.Kg2 Qb7+ 1/2-1/2

[Event "FIDE Open"]
[Site "Voronezh"]
[Date "2018.06.16"]
[Round "5.30"]
[White "Manukovsky, Vladimir"]
[Black "Popov, Maksim"]
[Result "1-0"]
[WhiteElo "2146"]
[BlackElo "1831"]
[Annotator ""]
[Source ""]
[Remark ""]

1.e4 c5 2.Nc3 e6 3.Nf3 a6 4.g3 Nc6 5.Bg2 g6 6.d4 cxd4 7.Nxd4
Nge7 8.Be3 d6 9.Qd2 h6 10.O-O-O Ne5 11.Qe2 b5 12.f4 Nc4 13.Bf2
Bb7 14.Ndxb5 axb5 15.Nxb5 d5 16.exd5 exd5 17.Qxc4 dxc4 18.Rxd8+
Rxd8 19.Bxb7 f6 20.Bb6 Rd7 21.Nc7+ Kf7 22.Ba6 c3 23.Bc4+ Nd5
24.Bxd5+ Kg7 25.Re1 1-0

[Event "FIDE Open"]
[Site "Voronezh"]
[Date "2018.06.16"]
[Round "5.31"]
[White "Yaurov, Egor"]
[Black "Anisimov, V."]
[Result "1-0"]
[WhiteElo "1825"]
[BlackElo "2011"]
[Annotator ""]
[Source ""]
[Remark ""]

1.d4 Nf6 2.Bg5 e6 3.Nd2 d5 4.e3 Nbd7 5.Bd3 c5 6.c3 Be7 7.f4 h6
8.Bxf6 Bxf6 9.Ngf3 O-O 10.O-O Qb6 11.Rb1 cxd4 12.exd4 e5 13.fxe5
Nxe5 14.Nxe5 Bxe5 15.Nf3 Bc7 16.Qd2 Bg4 17.Rbe1 Rae8 18.b3 Bxf3
19.Rxf3 Qd6 20.g3 Rxe1+ 21.Qxe1 g6 22.Qf2 Kg7 23.c4 dxc4 24.bxc4
h5 25.Be4 b6 26.Bd5 f5 27.a4 Bd8 28.Re3 Bf6 29.Re6 Qa3 30.Rc6
Re8 31.Rc7+ Re7 32.Rxe7+ Qxe7 33.h4 a5 34.Kh2 Qb4 35.Qf4 Qb2+
36.Kh3 Qxd4 37.Qc7+ Kh6 38.Qf4+ Kh7 39.Qc7+ Bg7 40.Qd8 Qg4+ 41.Kh2
f4 42.gxf4 Qxf4+ 43.Kg2 Qg4+ 44.Kf2 Bd4+ 45.Ke1 Qg1+ 46.Ke2 Qf2+
47.Kd1 Qf1+ 48.Kd2 Qf4+ 49.Kd1 Qf6 50.Qd7+ Kh6 51.Bg8 Qf1+ 52.Kd2
Qf2+ 53.Kd1 Bg7 54.Qe7 Qd4+ 55.Kc2 Qd2+ 56.Kb3 1-0

[Event "FIDE Open"]
[Site "Voronezh"]
[Date "2018.06.16"]
[Round "5.32"]
[White "Strukova, Ksenia"]
[Black "Moshkin, Mikhail"]
[Result "1/2-1/2"]
[WhiteElo "1994"]
[BlackElo "1766"]
[Annotator ""]
[Source ""]
[Remark ""]

1.e4 c5 2.Nf3 e6 3.d4 cxd4 4.Nxd4 Nf6 5.Nc3 d6 6.Be2 Be7 7.O-O
O-O 8.Be3 Nc6 9.Kh1 a6 10.a4 Qc7 11.f4 Na5 12.Qd3 Rd8 13.b4 Nc6
14.Nxc6 bxc6 15.Bf3 Bb7 16.g4 d5 17.e5 Nd7 18.Rab1 c5 19.bxc5
Nxc5 20.Bxc5 Bxc5 21.Bg2 Bc6 22.Rf3 Bf8 23.Rh3 g6 24.Rf1 Bg7
25.Qg3 h6 26.Re1 Rac8 27.Qd3 Bb7 28.Rb1 Ba8 29.Rc1 Qc4 30.Qg3
Qc7 31.Ne2 Qc4 32.Nc3 Qc7 33.Rf1 Bb7 34.Qe1 Ba8 35.Rf2 Qa5 36.Re2
d4 37.Bxa8 Rxa8 38.Ne4 Qxe1+ 39.Rxe1 Bf8 40.Rd1 Rac8 41.Rd2 Rc4
42.c3 Rxa4 43.Rhd3 dxc3 44.Nf6+ Kg7 45.Rxd8 cxd2 46.Ne8+ Kg8
47.Nf6+ Kg7 48.Ne8+ 1/2-1/2

[Event "FIDE Open"]
[Site "Voronezh"]
[Date "2018.06.16"]
[Round "5.33"]
[White "Poltavets, Ivan"]
[Black "Kasantsev, Anatolij B."]
[Result "1-0"]
[WhiteElo "1765"]
[BlackElo "1962"]
[Annotator ""]
[Source ""]
[Remark ""]

1.e4 c5 2.Nf3 Nc6 3.Nc3 e6 4.d4 cxd4 5.Nxd4 Qc7 6.Be3 a6 7.a4
Nf6 8.Be2 Bb4 9.f3 Ne5 10.O-O Nc4 11.Bxc4 Qxc4 12.Qd3 Qc7 13.Bg5
Be7 14.f4 d6 15.f5 O-O 16.Kh1 Re8 17.Rad1 Bd7 18.Qg3 Kh8 19.Qh3
Qa5 20.Rd3 b5 21.fxe6 fxe6 22.Nxe6 Bd8 23.Rxd6 b4 24.Bxf6 Bxf6
25.Rxd7 bxc3 26.Rxf6 cxb2 27.Rf1 Reb8 28.Rxg7 h5 29.Rg5 Qxg5
30.Nxg5 Ra7 31.Qxh5+ Kg8 32.Rb1 Rb6 33.h3 1-0

[Event "FIDE Open"]
[Site "Voronezh"]
[Date "2018.06.16"]
[Round "5.35"]
[White "Piskov, Vladimir A."]
[Black "Khanin, Alexandr"]
[Result "1-0"]
[WhiteElo "1928"]
[BlackElo "1744"]
[Annotator ""]
[Source ""]
[Remark ""]

1.d4 e6 2.Nf3 d5 3.g3 Nf6 4.Bg2 Be7 5.O-O O-O 6.c4 c6 7.b3 Nbd7
8.Bb2 Re8 9.Nc3 Ne4 10.Rc1 Ndf6 11.Ne5 Nxc3 12.Bxc3 Ne4 13.Bb2
f6 14.Nd3 f5 15.Qc2 Bd6 16.Rfe1 Qg5 17.Rcd1 Rf8 18.Bc1 Qh5 19.Nf4
Qf7 20.f3 Nf6 21.e4 fxe4 22.fxe4 dxe4 23.Bxe4 g5 24.Nh3 Nxe4
25.Qxe4 h6 26.Rf1 Qg7 27.Rxf8+ Kxf8 28.Nf2 Bd7 29.Nd3 Ke7 30.Bb2
Rf8 31.c5 Bc7 32.d5 cxd5 33.Bxg7 dxe4 34.Bxf8+ Kxf8 35.Nf2 Bc6
36.Re1 Ba5 37.Re2 Bb4 38.Nxe4 Bxe4 39.Rxe4 Bxc5+ 40.Kg2 Ke7 41.Kf3
Kd6 42.Re2 Kd5 43.Kg4 e5 44.Kh5 e4 45.Kxh6 Kd4 46.Kxg5 Kd3 47.Re1
e3 48.g4 e2 49.Kf5 Bf2 50.Rb1 e1Q 51.Rxe1 Bxe1 52.g5 Ke3 53.h4
Bc3 54.h5 b5 55.h6 a5 56.g6 a4 57.g7 1-0

[Event "FIDE Open"]
[Site "Voronezh"]
[Date "2018.06.16"]
[Round "5.36"]
[White "Lupolov, Boris"]
[Black "Korolkov, Alexander"]
[Result "0-1"]
[WhiteElo "1925"]
[BlackElo "1734"]
[Annotator ""]
[Source ""]
[Remark ""]

1.d4 d5 2.c4 c6 3.Nf3 Bf5 4.Nbd2 e6 5.g3 Nf6 6.Bg2 h6 7.O-O Bd6
8.b3 O-O 9.Bb2 Nbd7 10.Re1 Ne4 11.Nxe4 Bxe4 12.Nd2 Bxg2 13.Kxg2
f5 14.e3 Nf6 15.f3 Bb4 16.Re2 Bxd2 17.Qxd2 g5 18.Ba3 Rf7 19.Rae1
g4 20.f4 Ne4 21.Qb2 h5 22.b4 Rh7 23.b5 h4 24.bxc6 bxc6 25.cxd5
hxg3 26.hxg3 Nxg3 27.Kxg3 Qh4+ 28.Kg2 Qh2+ 29.Kf1 Qh3+ 30.Kf2
g3+ 0-1

[Event "FIDE Open"]
[Site "Voronezh"]
[Date "2018.06.16"]
[Round "5.37"]
[White "Ryumshin, Vladislav"]
[Black "Pokhlebin, Sergej"]
[Result "0-1"]
[WhiteElo "1697"]
[BlackElo "1898"]
[Annotator ""]
[Source ""]
[Remark ""]

1.e4 e5 2.Nf3 Nc6 3.Bc4 Nf6 4.d3 Bc5 5.Nc3 a6 6.a3 d6 7.h3 Ne7
8.Be3 Bxe3 9.fxe3 Ng6 10.O-O c6 11.d4 Qe7 12.Qd2 O-O 13.Rae1
b5 14.Bb3 a5 15.Qd3 b4 16.axb4 axb4 17.Nd1 d5 18.dxe5 Nxe4 19.Qd4
Ba6 20.Nd2 c5 21.Qxd5 Bb7 22.Nxe4 Bxd5 23.Bxd5 Rad8 24.Ba2 Nxe5
25.Rf2 Ra8 26.Bd5 Ra1 27.c4 Nxc4 28.Ref1 Rxd1 29.Rxd1 Nxe3 30.Re1
Nxd5 31.Nf6+ Qxf6 32.Rxf6 Nxf6 33.Rc1 Ne4 34.Rc4 f5 35.g4 g6
36.Kg2 Rd8 37.b3 Rd3 38.gxf5 gxf5 0-1

[Event "FIDE Open"]
[Site "Voronezh"]
[Date "2018.06.16"]
[Round "5.39"]
[White "Morgachev, Sergey"]
[Black "Sibgatullin, Amir"]
[Result "1/2-1/2"]
[WhiteElo "1889"]
[BlackElo "1638"]
[Annotator ""]
[Source ""]
[Remark ""]

1.d4 Nf6 2.c4 g6 3.Nc3 Bg7 4.e4 d6 5.Be2 O-O 6.Bg5 c5 7.d5 h6
8.Bf4 Qa5 9.Bd2 Kh7 10.Nf3 a6 11.Qc2 Qc7 12.O-O Ng8 13.Bd3 Nd7
14.Bf4 Ngf6 15.h3 Rb8 16.a4 Nh5 17.Be3 Nhf6 18.Rae1 Rh8 19.Nh4
Ne5 20.Be2 Kg8 21.f4 Ned7 22.Nf3 Nh7 23.Bd3 Nhf8 24.Bf2 g5 25.fxg5
hxg5 26.Nxg5 Ne5 27.Bg3 Nfg6 28.Nd1 b5 29.axb5 axb5 30.Ne3 bxc4
31.Bxc4 Rxb2 32.Qc1 Rb4 33.Nf3 Bd7 34.Nxe5 Nxe5 35.Bxe5 Bxe5
36.Nf5 Bf6 37.Bd3 c4 38.Bc2 Kf8 39.Qd1 Rb2 40.Rf3 Rg8 1/2-1/2

[Event "FIDE Open"]
[Site "Voronezh"]
[Date "2018.06.16"]
[Round "5.40"]
[White "Agibalov, Roman"]
[Black "Tverdokhleb, Aleksandr"]
[Result "0-1"]
[WhiteElo "1655"]
[BlackElo "1889"]
[Annotator ""]
[Source ""]
[Remark ""]

1.d4 d5 2.Bf4 Nf6 3.e3 Bf5 4.Nc3 e6 5.Nb5 Na6 6.a3 Be7 7.Nf3
O-O 8.Bd3 Ne4 9.O-O c6 10.Nc3 Nxc3 11.bxc3 Bxd3 12.Qxd3 c5 13.Rfb1
c4 14.Qd2 Qc8 15.Qc1 Nb8 16.Qb2 b6 17.Nd2 Nc6 18.e4 g5 19.Bg3
dxe4 20.Qb5 f5 21.h4 gxh4 22.Bf4 Na5 23.d5 Bf6 24.Rd1 Bxc3 25.Rab1
Qe8 0-1

[Event "FIDE Open"]
[Site "Voronezh"]
[Date "2018.06.16"]
[Round "5.41"]
[White "Lesnykh, Zhanna"]
[Black "Gulko, Oleg"]
[Result "1/2-1/2"]
[WhiteElo "1616"]
[BlackElo "1883"]
[Annotator ""]
[Source ""]
[Remark ""]

1.f4 d5 2.Nf3 c5 3.g3 Nc6 4.Bg2 g6 5.O-O Bg7 6.Nc3 Nf6 7.d3 d4
8.Ne4 Nxe4 9.dxe4 e5 10.e3 O-O 11.exd4 exd4 12.a3 a5 13.e5 Be6
14.Nd2 Bd5 15.Bxd5 Qxd5 16.Qf3 Ne7 17.Qxd5 Nxd5 18.Ne4 Rac8 19.Nd6
Rc7 20.Bd2 b6 21.c3 f6 22.exf6 Bxf6 23.Nb5 Re7 24.cxd4 cxd4 25.Rfe1
Rfe8 26.Rxe7 Rxe7 27.Re1 Rxe1+ 28.Bxe1 Ne3 29.b3 Nc2 30.Bf2 d3
31.Kf1 Bd8 32.Nd4 Nxa3 33.Ne6 Bf6 34.Bxb6 Bc3 35.Nc5 Nb1 1/2-1/2

[Event "FIDE Open"]
[Site "Voronezh"]
[Date "2018.06.16"]
[Round "5.42"]
[White "Ismailov, Samir"]
[Black "Pak, Nikita"]
[Result "1-0"]
[WhiteElo "1507"]
[BlackElo "1870"]
[Annotator ""]
[Source ""]
[Remark ""]

1.d4 Nc6 2.Nf3 e6 3.c4 d5 4.Nc3 Nf6 5.Bg5 Be7 6.e3 O-O 7.Bd3
dxc4 8.Bxc4 Nd5 9.Bxe7 Ncxe7 10.O-O Nxc3 11.bxc3 b6 12.e4 Bb7
13.Re1 Rc8 14.Rc1 c5 15.Qe2 Nc6 16.Rcd1 Na5 17.Ba6 Qe7 18.Bxb7
Nxb7 19.Qd2 cxd4 20.cxd4 Qa3 21.Re3 Qa4 22.Re2 Rc4 23.Ne5 Rc7
24.d5 exd5 25.exd5 Rd8 26.Rde1 f6 27.Nc6 Rdd7 28.Qe3 h6 29.Qe8+
Kh7 30.Ne7 Rxe7 31.Rxe7 Qxe8 32.Rxe8 Nd6 33.R8e7 Rc5 34.Rxa7
Rxd5 35.Rd7 Kg6 36.g4 Rd4 37.h3 h5 38.Re6 Nb5 39.Rxd4 Nxd4 40.gxh5+
Kxh5 41.Rxb6 1-0

[Event "FIDE Open"]
[Site "Voronezh"]
[Date "2018.06.16"]
[Round "5.43"]
[White "Sokolovsky, Victor"]
[Black "Kokueva, Alisa"]
[Result "1/2-1/2"]
[WhiteElo "1866"]
[BlackElo "1586"]
[Annotator ""]
[Source ""]
[Remark ""]

1.e4 e5 2.Nf3 Nc6 3.Bb5 a6 4.Ba4 Nf6 5.O-O b5 6.Bb3 Bc5 7.Nxe5
Nxe5 8.d4 Bxd4 9.Qxd4 d6 10.f4 c5 11.Qd1 Neg4 12.c4 Nxe4 13.Qf3
Ngf6 14.Nc3 Bb7 15.Re1 O-O 16.Nxe4 Nxe4 17.cxb5 axb5 18.f5 c4
19.Bc2 d5 20.Be3 Qf6 21.Bxe4 dxe4 22.Qf2 Rfd8 23.Red1 Rd3 24.Rxd3
exd3 25.Bd4 Qg5 26.h4 Qg4 27.Re1 Bxg2 28.Bc3 Be4+ 29.Kh2 Bxf5
30.Re5 Qh3+ 31.Kg1 Qg4+ 32.Kh2 Qh3+ 33.Kg1 Qg4+ 34.Kh2 Qh3+ 35.Kg1
Qg4+ 36.Kh2 Qh3+ 37.Kg1 1/2-1/2

[Event "FIDE Open"]
[Site "Voronezh"]
[Date "2018.06.16"]
[Round "5.44"]
[White "Sukhareva, Valentina"]
[Black "Rudakov, Sergey S."]
[Result "1-0"]
[WhiteElo "1847"]
[BlackElo "1568"]
[Annotator ""]
[Source ""]
[Remark ""]

1.d4 Nf6 2.c4 g6 3.Nc3 Bg7 4.e4 d6 5.Bg5 Nbd7 6.Qd2 O-O 7.Bh6
e5 8.d5 Ne8 9.O-O-O Bxh6 10.Qxh6 Qf6 11.f3 Qg7 12.Qg5 f5 13.Bd3
Nc5 14.Bc2 fxe4 15.fxe4 Qf6 16.Nf3 Qxg5+ 17.Nxg5 h6 18.Nf3 Nf6
19.Rhf1 Bd7 20.b4 Na6 21.a3 g5 22.h4 g4 23.Ng1 Nh5 24.Nge2 Nf4
25.Nxf4 exf4 26.Ne2 f3 27.gxf3 gxf3 28.Nd4 Bg4 29.Rf2 Rf4 30.Rg1
Kh8 31.Ne2 Rf6 32.Rxg4 fxe2 33.Rxe2 Raf8 34.Kd2 Nb8 35.e5 dxe5
36.Rxe5 Nd7 37.Re7 R6f7 38.Re6 Rf6 39.Rg6 Rxg6 40.Bxg6 Nb6 41.Bd3
Kg7 42.Rg6+ Kf7 43.Rxh6 Rg8 44.Rh7+ Kf6 45.Rxc7 Ke5 46.Re7+ 1-0

[Event "FIDE Open"]
[Site "Voronezh"]
[Date "2018.06.16"]
[Round "5.45"]
[White "Zhapova, Yana"]
[Black "Shoshin, Kirill"]
[Result "1/2-1/2"]
[WhiteElo "1597"]
[BlackElo "1938"]
[Annotator ""]
[Source ""]
[Remark ""]

1.e4 e6 2.d4 d5 3.Nd2 c5 4.exd5 exd5 5.Ngf3 a6 6.dxc5 Bxc5 7.Bd3
Nf6 8.O-O O-O 9.Nb3 Bb6 10.h3 Nc6 11.Re1 Qd6 12.Be3 Bxe3 13.Rxe3
g6 14.c3 b5 15.Nbd4 Bd7 16.Qd2 Na5 17.Nc2 Rad8 18.Rd1 Qc7 19.Qe2
Ne4 20.Nfd4 Rfe8 21.f3 Nf6 22.Re1 Bc8 23.Qf2 Nc4 24.Bxc4 dxc4
25.Rxe8+ Rxe8 26.Rxe8+ Nxe8 27.Ne3 Nf6 28.Qh4 Qe5 29.Kf2 h5 30.Qg3
Qe7 31.Qb8 Qd7 32.Qe5 Ne8 33.Nd5 Bb7 34.Qxe8+ Qxe8 35.Nf6+ Kf8
36.Nxe8 Kxe8 37.g4 h4 38.f4 Ke7 39.Nf3 Bxf3 40.Kxf3 f5 41.gxf5
gxf5 42.Ke3 Ke6 43.Kd4 Kd6 44.b3 cxb3 45.axb3 a5 46.c4 bxc4 47.Kxc4
Kc6 48.Kd4 Kd6 49.Kc4 Kc6 50.Kd4 Kd6 1/2-1/2

[Event "FIDE Open"]
[Site "Voronezh"]
[Date "2018.06.16"]
[Round "5.46"]
[White "Leolko, Ludmila"]
[Black "Godzhurov, Lidzhi"]
[Result "1-0"]
[WhiteElo "1901"]
[BlackElo "1703"]
[Annotator ""]
[Source ""]
[Remark ""]

1.f4 Nf6 2.Nf3 g6 3.g3 Bg7 4.Bg2 d5 5.O-O O-O 6.d3 Bf5 7.c3 c5
8.Qb3 Qc7 9.Nh4 Bg4 10.Re1 Be6 11.c4 Re8 12.Nc3 Nc6 13.cxd5 Nd4
14.Qd1 Nxd5 15.Nxd5 Bxd5 16.e4 Bc6 17.Be3 Bb5 18.Bf1 Bf6 19.Rc1
Bxh4 20.gxh4 Qa5 21.Qg4 Qxa2 22.Qg2 Rac8 23.f5 Kh8 24.fxg6 fxg6
25.Qf2 e5 26.Qf6+ Kg8 27.Bxd4 exd4 28.Rxc5 Bd7 29.Rxc8 Rxc8 30.Qxd4
Rc2 31.Re2 Rxe2 32.Bxe2 Qb1+ 33.Kg2 Qe1 34.Qc4+ Kh8 35.Qd5 1-0

[Event "FIDE Open"]
[Site "Voronezh"]
[Date "2018.06.16"]
[Round "5.47"]
[White "Suleymanov, Emirlan"]
[Black "Vorobiov, Nikolai"]
[Result "1/2-1/2"]
[WhiteElo "1701"]
[BlackElo "1873"]
[Annotator ""]
[Source ""]
[Remark ""]

1.e4 g6 2.d4 d6 3.Nc3 Bg7 4.Be3 a6 5.Nf3 Nd7 6.Be2 e6 7.h4 h5
8.Ng5 Ndf6 9.g3 Ne7 10.f3 b5 11.a3 Bb7 12.Qd2 Qd7 13.Nh3 Nc6
14.b4 Ne7 15.a4 c6 16.Ra2 Rc8 17.a5 Rd8 18.Nd1 Qc8 19.Qc1 Qb8
20.Nhf2 Nd7 21.c3 c5 22.Rc2 Rc8 23.O-O cxb4 24.cxb4 O-O 25.Nb2
Nc6 26.Qd2 e5 27.d5 Nd4 28.Bxd4 Rxc2 29.Qxc2 exd4 30.Nbd3 Rc8
31.Qd2 Rc3 32.Nd1 Rc7 33.N1b2 Qc8 34.Rc1 Rc3 35.Nd1 Rxc1 36.Qxc1
Qxc1 37.Nxc1 Ne5 38.Nb2 f5 39.Kf2 Kf7 40.Nb3 Nd7 41.Ke1 fxe4
42.fxe4 Be5 43.Kf2 Nf6 44.Bf3 Bc8 45.Nd3 Ne8 46.Ne1 Ke7 47.Nc2
d3 48.Ne1 d2 49.Nd3 Bc3 50.Ke2 Nf6 51.Nxd2 Ng4 52.Bxg4 Bxg4+
53.Ke3 Bd1 54.Nb1 Bf6 55.Nf4 g5 56.Ng2 gxh4 57.Nxh4 Kf7 58.Nf5
Be5 59.Kd3 Ba4 60.Kd2 Ke8 1/2-1/2

[Event "FIDE Open"]
[Site "Voronezh"]
[Date "2018.06.16"]
[Round "5.48"]
[White "Klevets, Ksenia"]
[Black "Chuprik, Ilya"]
[Result "1-0"]
[WhiteElo "1844"]
[BlackElo "1650"]
[Annotator ""]
[Source ""]
[Remark ""]

1.e4 c6 2.d4 d5 3.Nd2 dxe4 4.Nxe4 Nf6 5.Nxf6+ exf6 6.Be3 Bd6
7.Nf3 Bg4 8.Be2 Qc7 9.h3 Bh5 10.c3 Nd7 11.Nd2 Bg6 12.Nc4 Bf4
13.Qd2 Bd6 14.Nxd6+ Qxd6 15.Bf4 Qe7 16.O-O O-O 17.Rfe1 Qd8 18.c4
f5 19.Qb4 Qb6 20.Qxb6 axb6 21.a4 Rfe8 22.f3 Nf6 23.Kf2 Nh5 24.Bc7
f4 25.Ra3 Bc2 26.Bd1 Rxe1 27.Kxe1 Re8+ 28.Kd2 Bxd1 29.Kxd1 g5
30.Bxb6 Ng3 31.d5 cxd5 32.cxd5 Re7 33.Rd3 Rd7 34.b4 f5 35.b5
Nf1 36.Ke2 Ne3 37.Bxe3 fxe3 38.Kxe3 Kf7 39.Kd4 b6 40.Re3 Kf6 1-0

[Event "FIDE Open"]
[Site "Voronezh"]
[Date "2018.06.16"]
[Round "5.49"]
[White "Lysenko, Olesya"]
[Black "Polukhin, Alexander"]
[Result "0-1"]
[WhiteElo "1697"]
[BlackElo "1809"]
[Annotator ""]
[Source ""]
[Remark ""]

1.e4 e6 2.d4 d5 3.e5 c5 4.c3 Nc6 5.Nf3 Bd7 6.a3 f6 7.exf6 Nxf6
8.Be3 c4 9.b4 Bd6 10.Be2 O-O 11.O-O b5 12.a4 bxa4 13.b5 Na5 14.Qxa4
Nb3 15.Ra2 Qb6 16.Na3 a6 17.Nxc4 dxc4 18.Bxc4 axb5 19.Qxb3 Rxa2
20.Bxe6+ Kh8 21.Bxd7 Ra3 22.Qe6 Ra7 23.d5 Bc5 24.Bc6 Bxe3 25.fxe3
Qc5 26.Nd4 Re7 27.Qf5 Rxe3 28.Kh1 Nd7 29.Qb1 Qxc3 30.Nf3 Ne5
31.Rc1 Rexf3 32.gxf3 Qxf3+ 33.Kg1 Qg4+ 34.Kh1 Rf2 35.d6 Nxc6 0-1

[Event "FIDE Open"]
[Site "Voronezh"]
[Date "2018.06.16"]
[Round "5.50"]
[White "Titov, Oleg"]
[Black "Makarov, Anton"]
[Result "1/2-1/2"]
[WhiteElo "1695"]
[BlackElo "1787"]
[Annotator ""]
[Source ""]
[Remark ""]

1.e4 c6 2.d4 d5 3.Nc3 dxe4 4.Nxe4 Nd7 5.Nf3 Ngf6 6.Nxf6+ Nxf6
7.Bd3 Bg4 8.c3 e6 9.O-O Be7 10.h3 Bxf3 11.Qxf3 Qc7 12.Bf4 Bd6
13.Bxd6 Qxd6 14.Rfe1 Rd8 15.Rad1 O-O 16.g4 Nd5 17.Qg3 Qxg3+ 18.fxg3
Rd7 19.Re5 Rfd8 20.Rde1 Nb6 21.h4 Rd5 22.Rxd5 Rxd5 23.Be4 Rd7
24.Kf2 h6 25.h5 Kf8 26.Kf3 Nd5 27.Bxd5 Rxd5 28.Re5 Rxe5 29.dxe5
g5 30.Ke4 Ke7 31.a4 b6 32.b4 Kd7 33.Kd4 Kc7 34.a5 bxa5 35.bxa5
Kd7 36.Kc5 Kc7 37.c4 Kd7 38.Kd4 Kc7 39.Kc5 Kd7 40.Kd4 Kc7 1/2-1/2

[Event "FIDE Open"]
[Site "Voronezh"]
[Date "2018.06.16"]
[Round "5.51"]
[White "Teryaeva, Valeria"]
[Black "Voronin, Yaroslav"]
[Result "1-0"]
[WhiteElo "1787"]
[BlackElo "1684"]
[Annotator ""]
[Source ""]
[Remark ""]

1.e4 e6 2.d4 d5 3.exd5 exd5 4.c4 dxc4 5.Bxc4 Nf6 6.Ne2 Bd6 7.O-O
O-O 8.Nbc3 c6 9.Bg5 Bxh2+ 10.Kh1 Bc7 11.Ne4 Nbd7 12.N2c3 h6 13.Bh4
g5 14.Bg3 Kg7 15.f4 Nxe4 16.Nxe4 f5 17.fxg5 hxg5 18.Nxg5 Qxg5
19.Bxc7 Rh8+ 20.Kg1 Nf6 21.Be5 Qe3+ 22.Rf2 Kg6 23.Qd2 Qxd2 24.Rxd2
Rd8 25.Re1 c5 26.d5 Bd7 27.Re3 Ne4 28.Rd1 Re8 29.Bf4 b5 30.Be2
Nf6 31.Rg3+ Ng4 32.Bd3 Kf6 33.b3 Rac8 34.Rc1 c4 35.bxc4 bxc4
36.Bf1 Re4 37.Bd2 Ke5 38.Ra3 Kxd5 39.Rxa7 Be6 40.Bc3 Ne3 41.Be2
Rh4 42.Bf3+ Kc5 43.Ra5+ Kd6 44.Bb4+ Kd7 45.Kf2 Ng4+ 46.Kg3 Rch8
47.Ra7+ Kd8 1-0

[Event "FIDE Open"]
[Site "Voronezh"]
[Date "2018.06.16"]
[Round "5.52"]
[White "Ochirova, Anita"]
[Black "Maraktanov, Andrey"]
[Result "0-1"]
[WhiteElo "1691"]
[BlackElo "1763"]
[Annotator ""]
[Source ""]
[Remark ""]

1.e4 c5 2.g3 Nc6 3.Bg2 g6 4.Ne2 Bg7 5.c3 e5 6.d3 Nge7 7.Be3 d6
8.h3 O-O 9.O-O b6 10.d4 exd4 11.cxd4 Ba6 12.Re1 Bxe2 13.Qxe2
Nxd4 14.Qd2 Nec6 15.f4 Rc8 16.Nc3 Re8 17.g4 h6 18.Nb5 Kh8 19.Qf2
Ne7 20.Nc3 Ng8 21.Nd5 b5 22.Rf1 Ne7 23.f5 Nxd5 24.exd5 Rxe3 25.Qxe3
Nc2 26.Qd3 Nxa1 27.fxg6 Bd4+ 28.Kh1 f6 29.Rxa1 Qe8 30.g7+ Kxg7
31.Qf5 Rc7 32.Be4 Kg8 33.Re1 Bxb2 34.Qf4 Qf8 35.Bf5 Be5 36.Be6+
Kh8 37.Qf5 Qg7 38.Qh5 Re7 39.Rb1 b4 40.a3 a5 41.Kg2 Qg5 42.Bf5
Qxh5 43.gxh5 Bd4 44.Bd3 Re3 45.Rb3 a4 0-1

[Event "FIDE Open"]
[Site "Voronezh"]
[Date "2018.06.16"]
[Round "5.53"]
[White "Vlasova, Olesia"]
[Black "Koshelev, Vladimir"]
[Result "1/2-1/2"]
[WhiteElo "1682"]
[BlackElo "1741"]
[Annotator ""]
[Source ""]
[Remark ""]

1.e4 e5 2.Nf3 Nc6 3.Bb5 a6 4.Bxc6 dxc6 5.O-O Bg4 6.h3 h5 7.d3
Qf6 8.Nbd2 Bd6 9.b3 Ne7 10.Bb2 Ng6 11.Re1 O-O-O 12.a4 Bc5 13.Bc3
Qf4 14.Qe2 f6 15.b4 Ba7 16.b5 Bxh3 17.gxh3 Qg3+ 18.Kh1 Bxf2 19.Rf1
Qxh3+ 20.Nh2 Bg3 21.Qg2 Qxg2+ 22.Kxg2 h4 23.bxc6 Nf4+ 24.Kh1
b6 25.a5 b5 26.Nb3 Rd6 27.Bb4 Rxc6 28.Nc5 Re8 29.Ng4 Ne6 30.Nxe6
Rexe6 31.c3 Re8 32.Ne3 Bf4 33.Nf5 g5 34.Ne7+ Rxe7 35.Bxe7 Rxc3
36.Rad1 Rc2 37.Bxf6 h3 38.d4 1/2-1/2